[Event "M.Chigorin Memorial 2014"]
[Site "St. Petersburg"]
[Date "2014.10.25"]
[Round "8.73"]
[White "Tokhirjonova, Gulrukhbegim"]
[Black "Basso, Pier Luigi"]
[Result "1-0"]
[WhiteElo "2160"]
[BlackElo "2312"]
[PlyCount "195"]
[EventDate "2014.10.18"]
[EventType "swiss"]
[EventCountry "RUS"]

1. e4 d5 2. exd5 Qxd5 3. Nc3 Qd6 4. d4 Nf6 5. Nf3 c6 6. Ne5 Nbd7 7. Nc4 Qc7 8.
Qf3 Nb6 9. Bf4 Qd7 10. O-O-O Qg4 11. Qxg4 Bxg4 12. f3 Be6 13. Nxb6 axb6 14. Bc7
b5 15. d5 Nxd5 16. Nxd5 Bxd5 17. Rxd5 Rc8 18. Bb6 cxd5 19. Bxb5+ Rc6 20. Bxc6+
bxc6 21. a4 Kd7 22. c4 e6 23. c5 Be7 24. Kc2 Ra8 25. a5 Kc8 26. b4 Kb7 27. Re1
Bf6 28. Kb3 Rc8 29. Re2 Bd4 30. a6+ Kxa6 31. Ra2+ Kb7 32. Ra7+ Kb8 33. Rxf7 e5
34. Re7 e4 35. fxe4 Bf6 36. Re6 dxe4 37. Rxe4 Kb7 38. Kc4 Ra8 39. Ba5 h6 40.
Re6 h5 41. h3 h4 42. Re4 Rh8 43. b5 Ra8 44. bxc6+ Kxc6 45. Re6+ Kd7 46. Rd6+
Ke7 47. Kb5 Be5 48. Rd1 Rb8+ 49. Bb6 Ra8 50. Rd2 g5 51. c6 Rg8 52. c7 Bxc7 53.
Bxc7 g4 54. Rd4 gxh3 55. gxh3 Rh8 56. Ba5 Kf6 57. Rxh4 Re8 58. Bc3+ Kg5 59.
Rg4+ Kh5 60. Rg3 Re2 61. Bf6 Re6 62. Rf3 Kg6 63. Bd4 Kh5 64. Bf2 Re5+ 65. Kc4
Ra5 66. h4 Kg4 67. Rf8 Ra2 68. Rf6 Kh5 69. Kd4 Re2 70. Rf5+ Kg6 71. Rg5+ Kh6
72. Bg3 Ra2 73. Ke4 Ra3 74. Kf4 Ra4+ 75. Kf3 Ra3+ 76. Kg4 Ra4+ 77. Kh3 Ra3 78.
Rf5 Kg6 79. Rb5 Ra4 80. Rg5+ Kh6 81. Rf5 Kg6 82. Rf4 Ra5 83. Kg4 Kh7 84. Rb4
Kg7 85. Bf4 Ra7 86. h5 Kh7 87. h6 Rd7 88. Kh5 Rd5+ 89. Bg5 Rd7 90. Re4 Rd5 91.
Re7+ Kg8 92. Kg6 Kf8 93. Rg7 Rd6+ 94. Bf6 Rd1 95. Ra7 Ke8 96. Ra8+ Kd7 97. h7
Rg1+ 98. Bg5 1-0

[Event "M.Chigorin Memorial 2014"]
[Site "St. Petersburg"]
[Date "2014.10.25"]
[Round "8.74"]
[White "Ivanov, Rostislav"]
[Black "Popov, Kirill"]
[Result "0-1"]
[WhiteElo "2129"]
[BlackElo "2303"]
[PlyCount "70"]
[EventDate "2014.10.18"]
[EventType "swiss"]
[EventCountry "RUS"]

1. e4 c5 2. Nf3 d6 3. d4 cxd4 4. Nxd4 Nf6 5. Nc3 a6 6. Bg5 e6 7. f4 h6 8. Bh4
Qb6 9. Qd2 Qxb2 10. Nb3 Be7 11. Bxf6 Bxf6 12. e5 Bd8 13. Rb1 Qa3 14. exd6 O-O
15. Be2 Bb6 16. Nc1 Ba5 17. Rb3 Qc5 18. Bf3 Nc6 19. Bxc6 bxc6 20. d7 Bxd7 21.
Nd3 Qa7 22. Qf2 Qc7 23. O-O Rab8 24. Ne4 c5 25. c4 Bc6 26. Qe3 Rxb3 27. axb3
Qb7 28. Nexc5 Bb6 29. Rf2 Rc8 30. Kf1 Qe7 31. b4 Be8 32. f5 a5 33. f6 Qd6 34.
Qh3 axb4 35. fxg7 Rxc5 0-1

[Event "M.Chigorin Memorial 2014"]
[Site "St. Petersburg"]
[Date "2014.10.25"]
[Round "8.75"]
[White "Loskutov, Sviatoslav"]
[Black "Rivonenko, Vladislav"]
[Result "1-0"]
[WhiteElo "2302"]
[BlackElo "2022"]
[PlyCount "217"]
[EventDate "2014.10.18"]
[EventType "swiss"]
[EventCountry "RUS"]

1. d4 Nf6 2. c4 c6 3. Nc3 d5 4. cxd5 cxd5 5. Bf4 a6 6. e3 Nc6 7. Rc1 Bf5 8. Bd3
Bxd3 9. Qxd3 e6 10. Nge2 Bd6 11. O-O O-O 12. Na4 Bxf4 13. Nxf4 Qa5 14. Nc5 Qxa2
15. Ra1 Qc4 16. Rfc1 Qb4 17. Ra4 Qb6 18. Ra3 Ne4 19. Nxe4 dxe4 20. Qxe4 Qxb2
21. Raa1 Rfc8 22. Nd3 Qd2 23. Nc5 b6 24. Nd7 Nxd4 25. Rd1 Ne2+ 26. Kf1 Nc3 27.
Rxd2 Nxe4 28. Rd4 Rd8 29. Rad1 Nc5 30. Nf6+ gxf6 31. Rxd8+ Rxd8 32. Rxd8+ Kg7
33. Rd6 Na4 34. Ke2 f5 35. Rd8 Kf6 36. f4 Nc3+ 37. Kd3 Nd5 38. Kd4 a5 39. h3 h5
40. g3 a4 41. Ra8 b5 42. Ra5 Nc7 43. Kc5 Nd5 44. Kxb5 Nc3+ 45. Kb4 Ne2 46. Rxa4
Nxg3 47. Kc4 Ne4 48. h4 Nd2+ 49. Kd3 Nf3 50. Ra1 Nxh4 51. Rh1 Ng6 52. Rxh5 Ne7
53. Rh8 Ng6 54. Ra8 Ne7 55. Kd4 Nd5 56. Rg8 Ne7 57. Rg3 Nd5 58. Kc5 Ke7 59. Rh3
Nf6 60. Kd4 Ng4 61. Rg3 Nf6 62. Rg1 Ne4 63. Ra1 Kf6 64. Ra3 Nd6 65. Kc5 Ne4+
66. Kc6 Nf2 67. Kd7 Ng4 68. Ke8 Kg7 69. Ke7 Nf6 70. Kd6 Ne4+ 71. Ke5 Nf6 72.
Ra2 Ng4+ 73. Kd4 Kf6 74. Rg2 Nh6 75. Rg1 Ke7 76. Kc5 Kd7 77. Rg7 Ke7 78. Rg1
Kd7 79. Rg2 Ke7 80. Kc6 Ng4 81. e4 Nh6 82. e5 Ng4 83. Ra2 Ne3 84. Kc5 Nd5 85.
Ra4 Kf8 86. Kd6 Kg7 87. Rd4 Ne3 88. Ke7 Nd5+ 89. Ke8 Nc7+ 90. Kd8 Nd5 91. Kd7
Kf8 92. Kc6 Ne7+ 93. Kd6 Nc8+ 94. Kd7 Ne7 95. Kd6 Nc8+ 96. Kd7 Ne7 97. Ra4 Nd5
98. Kd8 Kg7 99. Ke8 Nc7+ 100. Ke7 Nd5+ 101. Kd6 Kf8 102. Rd4 Ne3 103. Rd3 Ng2
104. Rf3 Nh4 105. Rg3 Ng6 106. Rxg6 fxg6 107. Kxe6 Kg7 108. Kd7 g5 109. e6 1-0

[Event "M.Chigorin Memorial 2014"]
[Site "St. Petersburg"]
[Date "2014.10.25"]
[Round "8.76"]
[White "Okun, Evgeny"]
[Black "Stetsko, Lanita"]
[Result "1/2-1/2"]
[WhiteElo "2108"]
[BlackElo "2291"]
[PlyCount "48"]
[EventDate "2014.10.18"]
[EventType "swiss"]
[EventCountry "RUS"]

1. Nf3 d5 2. c4 c6 3. g3 Nf6 4. Bg2 Bg4 5. Qb3 Qc8 6. Ne5 Be6 7. d3 g6 8. O-O
Bg7 9. Nc3 O-O 10. cxd5 Nxd5 11. Nxd5 cxd5 12. d4 Nc6 13. Nxc6 bxc6 14. Be3 Qa6
15. Qc2 Rab8 16. b3 Bf5 17. Qd2 Qa3 18. Rfc1 Bd7 19. Rab1 a5 20. Qb2 Qb4 21.
Qc3 Qa3 22. Qb2 Qb4 23. Qc3 Qa3 24. Qb2 Qb4 1/2-1/2

[Event "M.Chigorin Memorial 2014"]
[Site "St. Petersburg"]
[Date "2014.10.25"]
[Round "8.78"]
[White "Usmanov, Vasily"]
[Black "Pustovidko, Anastasia"]
[Result "1-0"]
[WhiteElo "2427"]
[BlackElo "1955"]
[PlyCount "55"]
[EventDate "2014.10.18"]
[EventType "swiss"]
[EventCountry "RUS"]

1. g3 f5 2. Bg2 Nf6 3. c4 g6 4. Nc3 Bg7 5. d3 c6 6. e4 d6 7. Nge2 O-O 8. O-O
fxe4 9. dxe4 Bg4 10. h3 Be6 11. b3 Nbd7 12. Be3 Nb6 13. a4 Qc7 14. a5 Nbd7 15.
a6 bxa6 16. Rxa6 Qb7 17. Qa1 Nb6 18. Qa3 Nfd7 19. Ra1 Nc8 20. Nd4 Bf7 21. e5
Nb8 22. Rxc6 dxe5 23. Rxg6 Qd7 24. Rxg7+ Kxg7 25. Qc5 Kg8 26. Qxe5 Qd6 27. Qxd6
Nxd6 28. Bxa8 1-0

[Event "M.Chigorin Memorial 2014"]
[Site "St. Petersburg"]
[Date "2014.10.25"]
[Round "8.79"]
[White "Smirnov, Timofey"]
[Black "Leite, Catarina"]
[Result "0-1"]
[WhiteElo "2419"]
[BlackElo "2154"]
[PlyCount "128"]
[EventDate "2014.10.18"]
[EventType "swiss"]
[EventCountry "RUS"]

1. e4 c5 2. Nf3 e6 3. d4 cxd4 4. Nxd4 Nc6 5. Nc3 Qc7 6. Be3 a6 7. Qd2 Nf6 8. f3
Ne5 9. Bf4 d6 10. O-O-O Be7 11. g4 b5 12. g5 Nh5 13. Be3 b4 14. Nb1 Rb8 15. Qe2
Ng6 16. Qc4 Qxc4 17. Bxc4 Bb7 18. Nd2 Ngf4 19. Rhg1 d5 20. Bf1 O-O 21. Rg4 Ng6
22. exd5 Bxd5 23. Bxa6 Ne5 24. Rh4 Ra8 25. Be2 g6 26. f4 Nd7 27. Bb5 Nc5 28.
Bc6 Rxa2 29. Bxd5 Ra1+ 30. Nb1 exd5 31. f5 Rc8 32. b3 Ne4 33. Kb2 Rca8 34. Nb5
R8a2+ 35. Kc1 Nc3 36. N5xc3 bxc3 37. Rxd5 Ba3+ 38. Kd1 Rxb1+ 39. Ke2 Rxc2+ 40.
Kd3 Rd1+ 41. Kxc2 Rxd5 42. f6 h6 43. Ra4 Bf8 44. h4 hxg5 45. hxg5 Ng3 46. b4
Ne4 47. Ra5 Rf5 48. Kd3 Nd6 49. Ra8 Nb7 50. Rb8 Rb5 51. Kxc3 Nd6 52. Rd8 Ne4+
53. Kc4 Rxb4+ 54. Kd3 Ra4 55. Rc8 Nd6 56. Rd8 Ra3+ 57. Ke2 Rc3 58. Bf4 Nb7 59.
Rb8 Nc5 60. Re8 Rb3 61. Bd6 Ne6 62. Kf2 Rb5 63. Kf3 Rxg5 64. Be7 Rd5 0-1

[Event "M.Chigorin Memorial 2014"]
[Site "St. Petersburg"]
[Date "2014.10.25"]
[Round "8.80"]
[White "Ponomarev, Dmitry"]
[Black "Menkov, Aleksandr"]
[Result "1-0"]
[WhiteElo "2413"]
[BlackElo "2170"]
[PlyCount "105"]
[EventDate "2014.10.18"]
[EventType "swiss"]
[EventCountry "RUS"]

1. d4 Nf6 2. c4 g6 3. Nc3 Bg7 4. e4 d6 5. Be2 O-O 6. Bg5 h6 7. Be3 c5 8. dxc5
Qa5 9. Bd2 Qxc5 10. Nf3 Bg4 11. Be3 Qc7 12. O-O Bxf3 13. Bxf3 Nc6 14. Be2 Nd7
15. Qd2 Kh7 16. Rac1 Nc5 17. f3 Qa5 18. b3 Ne6 19. Kh1 Rac8 20. f4 Ned4 21. Bd3
e6 22. f5 exf5 23. exf5 Nxf5 24. Bxf5 gxf5 25. Qd3 Rce8 26. Nd5 Ne7 27. Nxe7
Rxe7 28. Rxf5 Rxe3 29. Qb1 Qxf5 30. Qxf5+ Kg8 31. Rf1 Re6 32. Qd5 Rfe8 33. g3
R8e7 34. Kg2 b6 35. Rf2 Bc3 36. Rf4 Rg6 37. Kh3 Kg7 38. Rg4 Be5 39. Qa8 Rxg4
40. Kxg4 Bd4 41. Qd8 Re6 42. Qa8 a5 43. Qd5 Bc5 44. Qd2 Re4+ 45. Kf3 Rd4 46.
Qb2 Kg8 47. a3 d5 48. b4 axb4 49. axb4 Rd3+ 50. Ke2 Bd4 51. Qa2 Re3+ 52. Kd2
dxc4 53. Qxc4 1-0

[Event "M.Chigorin Memorial 2014"]
[Site "St. Petersburg"]
[Date "2014.10.25"]
[Round "8.81"]
[White "Altshul, Raffael"]
[Black "Vastrukhin, Oleg"]
[Result "0-1"]
[WhiteElo "2174"]
[BlackElo "2397"]
[PlyCount "59"]
[EventDate "2014.10.18"]
[EventType "swiss"]
[EventCountry "RUS"]

1. Nf3 g6 2. d4 Nf6 3. c4 Bg7 4. Nc3 d5 5. h4 c6 6. cxd5 cxd5 7. Bf4 Nc6 8. e3
O-O 9. Be2 Qb6 10. Qb3 Qxb3 11. axb3 Bf5 12. Ne5 Rfc8 13. f3 Nb4 14. Kd2 Nd7
15. Nxd7 Bxd7 16. Rhc1 f6 17. Na4 e5 18. dxe5 fxe5 19. Bg5 Kf7 20. h5 b6 21.
Nc3 a6 22. hxg6+ hxg6 23. Na2 Nxa2 24. Rxc8 Rxc8 25. Rxa2 a5 26. e4 Be6 27. Ra3
Bf8 28. Ra1 Bb4+ 29. Ke3 d4+ 30. Kf2 0-1

[Event "M.Chigorin Memorial 2014"]
[Site "St. Petersburg"]
[Date "2014.10.25"]
[Round "8.82"]
[White "Sadovsky, Artem"]
[Black "Kuzmin, Egor"]
[Result "1-0"]
[WhiteElo "2364"]
[BlackElo "2154"]
[PlyCount "45"]
[EventDate "2014.10.18"]
[EventType "swiss"]
[EventCountry "RUS"]

1. g3 Nf6 2. Bg2 g6 3. e4 d6 4. d4 Bg7 5. Ne2 O-O 6. O-O Nbd7 7. Nbc3 c6 8. f4
e5 9. Kh1 exd4 10. Nxd4 Re8 11. Nb3 Nb6 12. Qd3 Qe7 13. Be3 Nfd5 14. Bd4 Nb4
15. Qd2 Bxd4 16. Nxd4 c5 17. Ndb5 Be6 18. b3 Rad8 19. f5 Bd7 20. Nc7 Bc6 21.
Nxe8 Qxe8 22. a3 Na6 23. Qf4 1-0

[Event "M.Chigorin Memorial 2014"]
[Site "St. Petersburg"]
[Date "2014.10.25"]
[Round "8.83"]
[White "Kozlitin, Oleg"]
[Black "Pyatin, Alexander"]
[Result "1-0"]
[WhiteElo "2348"]
[BlackElo "2142"]
[PlyCount "49"]
[EventDate "2014.10.18"]
[EventType "swiss"]
[EventCountry "RUS"]

1. e4 c5 2. Nf3 e6 3. d4 cxd4 4. Nxd4 Nc6 5. Nc3 a6 6. Nb3 b5 7. Bd3 Nf6 8. f4
d6 9. Qe2 Qc7 10. O-O Be7 11. a3 Bb7 12. Bd2 O-O 13. Rae1 e5 14. Nd5 Qd8 15.
Nxe7+ Nxe7 16. fxe5 dxe5 17. Bg5 Nd7 18. c4 h6 19. Bd2 Qb6+ 20. Be3 Qg6 21.
cxb5 Bxe4 22. Bxe4 Qxe4 23. Nc5 Nxc5 24. Bxc5 Qxe2 25. Rxe2 1-0

[Event "M.Chigorin Memorial 2014"]
[Site "St. Petersburg"]
[Date "2014.10.25"]
[Round "8.84"]
[White "Dilmukhametov, Artur"]
[Black "Yandarbiev, Ruslan"]
[Result "0-1"]
[WhiteElo "2157"]
[BlackElo "2339"]
[PlyCount "118"]
[EventDate "2014.10.18"]
[EventType "swiss"]
[EventCountry "RUS"]

1. e4 c5 2. c3 e6 3. d4 d5 4. e5 Nc6 5. Nf3 Qb6 6. a3 Nh6 7. b4 cxd4 8. cxd4
Nf5 9. Bb2 Bd7 10. g4 Nfe7 11. Nc3 Na5 12. Na4 Bxa4 13. Qxa4+ Nac6 14. Bc3 Rc8
15. Bd3 Ng6 16. Bd2 a6 17. h4 Be7 18. h5 Nf8 19. Rc1 Nd7 20. g5 O-O 21. Be3 f5
22. exf6 gxf6 23. Qd1 f5 24. Ne5 Ncxe5 25. dxe5 d4 26. Bf4 a5 27. Ke2 axb4 28.
axb4 Bxb4 29. Rb1 Nc5 30. Rh3 Ne4 31. Bd2 Nc3+ 32. Bxc3 dxc3 33. Qa4 c2 34.
Bxc2 Rc4 35. Bd3 Rd8 36. Rf3 Rcd4 37. Qb5 Qxb5 38. Bxb5 R8d5 39. Be8 Rxe5+ 40.
Re3 Rd2+ 41. Kf3 Rxf2+ 42. Kxf2 Bc5 43. Rxb7 Bxe3+ 44. Kf3 Bxg5 45. Bd7 Re3+
46. Kf2 h6 47. Bc6 Kf8 48. Bf3 Rc3 49. Ke2 Ra3 50. Kf2 Be7 51. Bc6 Kf7 52. Bd7
Bg5 53. Ke2 Re3+ 54. Kf2 Kf6 55. Rb6 f4 56. Bc6 Ke7 57. Bf3 Kf6 58. Bg4 Bh4+
59. Kf1 f3 0-1

[Event "M.Chigorin Memorial 2014"]
[Site "St. Petersburg"]
[Date "2014.10.25"]
[Round "8.85"]
[White "Zherebtsova, Alexandra"]
[Black "Tseitlin, Mark D"]
[Result "1-0"]
[WhiteElo "2142"]
[BlackElo "2320"]
[PlyCount "61"]
[EventDate "2014.10.18"]
[EventType "swiss"]
[EventCountry "RUS"]

1. d4 Nf6 2. c4 g6 3. g3 Bg7 4. Bg2 c5 5. Nf3 Qa5+ 6. Nbd2 cxd4 7. Nxd4 Nc6 8.
Nxc6 dxc6 9. h3 O-O 10. O-O Qh5 11. g4 Bxg4 12. hxg4 Nxg4 13. Nf3 e5 14. Qc2 f5
15. Rd1 e4 16. Nd4 Rae8 17. Bf4 g5 18. Bd6 f4 19. Bxf8 Bxf8 20. c5 Qh2+ 21. Kf1
Qh4 22. e3 f3 23. Nxf3 exf3 24. Bxf3 Nh2+ 25. Ke2 Nxf3 26. Kxf3 Re7 27. Rh1
Rf7+ 28. Ke2 Qg4+ 29. Kf1 a6 30. Qe2 Qf5 31. Rc1 1-0

[Event "M.Chigorin Memorial 2014"]
[Site "St. Petersburg"]
[Date "2014.10.25"]
[Round "8.86"]
[White "Lagashin, Pavel"]
[Black "Abramov, Nikita"]
[Result "1-0"]
[WhiteElo "2138"]
[BlackElo "2318"]
[PlyCount "75"]
[EventDate "2014.10.18"]
[EventType "swiss"]
[EventCountry "RUS"]

1. Nf3 Nf6 2. c4 g6 3. d4 Bg7 4. Nc3 O-O 5. Bg5 d6 6. e3 Nbd7 7. Be2 c6 8. h3
a6 9. a4 a5 10. O-O h6 11. Bh4 e5 12. Qc2 Qe8 13. Rfe1 g5 14. Bg3 Qe7 15. c5
Ne8 16. cxd6 Nxd6 17. Bd3 f5 18. dxe5 Nxe5 19. Nxe5 Bxe5 20. f4 gxf4 21. exf4
Bd4+ 22. Bf2 Qf6 23. Rad1 Be6 24. Bf1 Bxc3 25. Rxd6 Bxe1 26. Bd4 Bb4 27. Bxf6
Bxd6 28. Qc3 Kh7 29. Be5 Bb4 30. Qc2 Rad8 31. Bd3 c5 32. g4 c4 33. Bxf5+ Rxf5
34. gxf5 Rd2 35. Qxd2 Bxd2 36. fxe6 Kg6 37. f5+ Kxf5 38. e7 1-0

[Event "M.Chigorin Memorial 2014"]
[Site "St. Petersburg"]
[Date "2014.10.25"]
[Round "8.87"]
[White "Donskov, Anatoly"]
[Black "Shpartko, Grigory"]
[Result "1/2-1/2"]
[WhiteElo "2309"]
[BlackElo "2094"]
[PlyCount "82"]
[EventDate "2014.10.18"]
[EventType "swiss"]
[EventCountry "RUS"]

1. e4 g6 2. d4 Nf6 3. e5 Nh5 4. Be2 d6 5. Bxh5 gxh5 6. Qxh5 dxe5 7. dxe5 Qd5 8.
Nf3 Qe4+ 9. Be3 Qxc2 10. Nc3 Qg6 11. Qxg6 hxg6 12. Rc1 Na6 13. O-O Bh6 14. Bxh6
Rxh6 15. h3 Rh5 16. Rfe1 c5 17. a3 b6 18. Rcd1 Be6 19. Ne4 Bb3 20. Rd3 Bc2 21.
Rd2 Bxe4 22. Rxe4 Nc7 23. Kh2 Rd8 24. g4 Rh8 25. Ree2 Nd5 26. Kg3 e6 27. h4 Ke7
28. Ng5 b5 29. Ne4 c4 30. Rd4 Nf4 31. Kxf4 Rxd4 32. Kg5 Rd1 33. Nf6 Rh1 34. a4
b4 35. Re4 Rc8 36. Rd4 Rc7 37. Ng8+ Ke8 38. Nf6+ Ke7 39. Ng8+ Ke8 40. Nf6+ Ke7
41. Ng8+ Ke8 1/2-1/2

[Event "M.Chigorin Memorial 2014"]
[Site "St. Petersburg"]
[Date "2014.10.25"]
[Round "8.88"]
[White "Pisakov, Ilia"]
[Black "Reshetnikov, Ruslan"]
[Result "0-1"]
[WhiteElo "2303"]
[BlackElo "2106"]
[PlyCount "139"]
[EventDate "2014.10.18"]
[EventType "swiss"]
[EventCountry "RUS"]

1. e4 e6 2. d4 d5 3. exd5 exd5 4. Nf3 Bd6 5. h3 Nf6 6. c4 dxc4 7. Bxc4 O-O 8.
O-O h6 9. Nc3 Nc6 10. d5 Ne5 11. Nxe5 Bxe5 12. Re1 Re8 13. Be3 a6 14. a4 Bf5
15. Qb3 Qd7 16. Ne2 Ne4 17. Rad1 Nd6 18. Bd3 Re7 19. Nd4 Bxd4 20. Bxd4 Rxe1+
21. Rxe1 Bxd3 22. Qxd3 Qxa4 23. b3 Qb5 24. Qf3 Re8 25. Rc1 Re4 26. Bc5 Qe8 27.
Be3 Qe7 28. g3 Nb5 29. Rc4 Nd6 30. Rc2 Nb5 31. Qf5 Nd6 32. Qf3 Nb5 33. Rc4 Nd6
34. Rc1 Ne8 35. Kh2 Nf6 36. Qf5 Qd8 37. d6 c6 38. Rd1 Qd7 39. Qf3 Re6 40. Bc5
Nd5 41. Qg4 Nf6 42. Qd4 Re4 43. Qd3 Re5 44. Ba3 Rh5 45. h4 Rd5 46. Qe2 Rxd1 47.
Qxd1 b6 48. Bb2 Ne8 49. Be5 f6 50. Bf4 g5 51. hxg5 hxg5 52. Be3 Qxd6 53. Qc2 c5
54. Qg6+ Kf8 55. Qh6+ Ke7 56. Qh7+ Kd8 57. b4 Nc7 58. bxc5 bxc5 59. Qf7 Nd5 60.
Bd2 Kc8 61. Qa7 Qc6 62. Ba5 c4 63. Qf7 c3 64. Qf8+ Kd7 65. Qf7+ Kd6 66. Qf8+
Ke5 67. f4+ gxf4 68. gxf4+ Kd4 69. Qa3 Qb5 70. Qa2 0-1

[Event "M.Chigorin Memorial 2014"]
[Site "St. Petersburg"]
[Date "2014.10.25"]
[Round "8.89"]
[White "Khadzhiev, Valery"]
[Black "Dauletova, Gulmira"]
[Result "1-0"]
[WhiteElo "2134"]
[BlackElo "2293"]
[PlyCount "131"]
[EventDate "2014.10.18"]
[EventType "swiss"]
[EventCountry "RUS"]

1. d4 Nf6 2. Nf3 d5 3. e3 c5 4. Be2 Nc6 5. O-O Bf5 6. a3 e6 7. Nbd2 Qb6 8. dxc5
Qxc5 9. c4 dxc4 10. Nxc4 Rd8 11. Qe1 Bd3 12. b3 b5 13. Bxd3 Rxd3 14. Na5 Nxa5
15. Qxa5 Bd6 16. Bb2 O-O 17. b4 Qh5 18. h3 Qd5 19. Rac1 Ne4 20. Bd4 e5 21. Bxa7
Nc3 22. Rfe1 e4 23. Nh2 Ra8 24. Qb6 h5 25. Nf1 h4 26. Rc2 Rc8 27. Qa6 Qa8 28.
Qa5 Rc6 29. a4 Nxa4 30. Rxc6 Qxc6 31. Qd8+ Bf8 32. Qxh4 Bxb4 33. Rb1 Bc5 34.
Bxc5 Nxc5 35. Ng3 g6 36. Qg4 Rd5 37. Kh2 f5 38. Qf4 Kg7 39. Ne2 Nd3 40. Qg3 Qc2
41. Ra1 Qc8 42. Nd4 Qb7 43. Ne6+ Kf7 44. Ng5+ Kg8 45. Qh4 Rd7 46. Ne6 Qb8+ 47.
Kg1 Ne5 48. Qg3 Re7 49. Nf4 Rg7 50. Ra6 Qe8 51. Re6 g5 52. Rxe5 gxf4 53. Qxf4
b4 54. Rxf5 b3 55. Rb5 Rb7 56. Qg5+ Kh8 57. Qe5+ Kg8 58. Qd5+ Rf7 59. Qxb3 Qc8
60. Kh2 Qc7+ 61. g3 Kh7 62. Kg2 Qe7 63. Qd5 Qe8 64. Qh5+ Kg7 65. Rg5+ Kf6 66.
Qg6+ 1-0

[Event "M.Chigorin Memorial 2014"]
[Site "St. Petersburg"]
[Date "2014.10.25"]
[Round "8.90"]
[White "Palachev, Petr"]
[Black "Bimiev, Ahmad"]
[Result "1-0"]
[WhiteElo "2288"]
[BlackElo "2090"]
[PlyCount "55"]
[EventDate "2014.10.18"]
[EventType "swiss"]
[EventCountry "RUS"]

1. d4 Nf6 2. c4 e6 3. Nc3 d5 4. cxd5 exd5 5. Bg5 c6 6. Qc2 Be7 7. e3 h6 8. Bh4
Be6 9. Bd3 O-O 10. Nge2 b5 11. O-O a5 12. f3 Na6 13. a3 Nd7 14. Bf2 Nb6 15. Nf4
Bd7 16. e4 b4 17. Nce2 a4 18. Ng3 Nc7 19. axb4 Bxb4 20. e5 Ra5 21. Nf5 Nb5 22.
Nxg7 Kxg7 23. Nh5+ Kh8 24. Bxb5 Qg5 25. Nf6 Bf5 26. Bd3 Bh3 27. Bg3 Be6 28. f4
1-0

[Event "M.Chigorin Memorial 2014"]
[Site "St. Petersburg"]
[Date "2014.10.25"]
[Round "8.91"]
[White "Leontiev, Aleksandr V"]
[Black "Mamyrbay, Assad"]
[Result "1-0"]
[WhiteElo "2281"]
[BlackElo "2063"]
[PlyCount "61"]
[EventDate "2014.10.18"]
[EventType "swiss"]
[EventCountry "RUS"]

1. c4 c5 2. Nf3 Nc6 3. Nc3 g6 4. e3 Nf6 5. d4 cxd4 6. exd4 d5 7. Bg5 dxc4 8.
Bxf6 exf6 9. Bxc4 Bg7 10. O-O O-O 11. h3 f5 12. d5 Ne5 13. Bb3 g5 14. Re1 Ng6
15. Nh2 Nf4 16. Qf3 Qd6 17. Qg3 Qg6 18. Rad1 Bd7 19. Nf3 h6 20. h4 Nh5 21. Qc7
Rfd8 22. hxg5 hxg5 23. d6 Nf4 24. Bxf7+ Qxf7 25. Nxg5 Qg6 26. Qc4+ Kf8 27. Re7
Be8 28. d7 Kxe7 29. Qc5+ Kf6 30. Nce4+ fxe4 31. Rd6+ 1-0

[Event "M.Chigorin Memorial 2014"]
[Site "St. Petersburg"]
[Date "2014.10.25"]
[Round "8.92"]
[White "Dyakonova, Ekaterina"]
[Black "Sichinava, Zviad"]
[Result "0-1"]
[WhiteElo "2112"]
[BlackElo "2275"]
[PlyCount "68"]
[EventDate "2014.10.18"]
[EventType "swiss"]
[EventCountry "RUS"]

1. e4 e6 2. d4 d5 3. e5 c5 4. c3 Nc6 5. Nf3 Qb6 6. a3 Nh6 7. b4 cxd4 8. cxd4
Nf5 9. Bb2 Bd7 10. g4 Nfe7 11. Nc3 Na5 12. Nd2 Rc8 13. Rc1 Ng6 14. h4 Be7 15.
h5 Nf4 16. Qf3 Bg5 17. Rc2 Nc6 18. Na4 Qd8 19. Nc5 O-O 20. Qg3 f6 21. Nf3 fxe5
22. Nxg5 Qxg5 23. Nxd7 Nxd4 24. Rxc8 Rxc8 25. Bd3 Nxd3+ 26. Qxd3 Rc2 27. Bxd4
Rc1+ 28. Ke2 Qxg4+ 29. f3 Qg2+ 30. Bf2 Rxh1 31. Nxe5 Qf1+ 32. Ke3 Qc1+ 33. Qd2
d4+ 34. Kd3 Rd1 0-1

[Event "M.Chigorin Memorial 2014"]
[Site "St. Petersburg"]
[Date "2014.10.25"]
[Round "8.93"]
[White "Miroshnichenko, Pavel"]
[Black "Shapfiullin, Ildar"]
[Result "1-0"]
[WhiteElo "2270"]
[BlackElo "2050"]
[PlyCount "99"]
[EventDate "2014.10.18"]
[EventType "swiss"]
[EventCountry "RUS"]

1. e4 c5 2. Nf3 Nf6 3. e5 Nd5 4. Nc3 Nc7 5. d4 cxd4 6. Nxd4 Nc6 7. Nf3 g6 8.
Bc4 Bg7 9. Qe2 O-O 10. h4 d5 11. exd6 Qxd6 12. Ne4 Nd4 13. Nxd4 Qxd4 14. c3 Qe5
15. f4 Qa5 16. h5 Be6 17. hxg6 Bxc4 18. gxh7+ Kh8 19. Qxc4 Rac8 20. Ng5 Qf5 21.
Qe4 Qb5 22. Qe2 Qb6 23. Be3 Qg6 24. O-O Nd5 25. Rad1 Rcd8 26. Qf3 Qc6 27. Bd4
f6 28. Ne4 e5 29. Bc5 Nxf4 30. Bxf8 Rxf8 31. g3 Qb6+ 32. Kh2 f5 33. gxf4 fxe4
34. Qxe4 Qh6+ 35. Kg2 Qh4 36. Qg6 exf4 37. Rd7 Be5 38. Rf3 Qe1 39. Qd3 Qh4 40.
Qd5 Qg4+ 41. Kf1 Bf6 42. Qxb7 Re8 43. Qc6 Bh4 44. Rd1 Re3 45. Qa8+ Kxh7 46.
Qb7+ Re7 47. Qd5 Bg3 48. Qd3+ Kh6 49. Qd6+ Re6 50. Qf8+ 1-0

[Event "M.Chigorin Memorial 2014"]
[Site "St. Petersburg"]
[Date "2014.10.25"]
[Round "8.94"]
[White "Molchanova, Tatjana"]
[Black "Svidinsky, Dmitry"]
[Result "1/2-1/2"]
[WhiteElo "2265"]
[BlackElo "2039"]
[PlyCount "76"]
[EventDate "2014.10.18"]
[EventType "swiss"]
[EventCountry "RUS"]

1. e4 e5 2. Nf3 Nc6 3. Bc4 Bc5 4. O-O Nf6 5. d3 d6 6. a4 Be6 7. Bxe6 fxe6 8. c3
a6 9. b4 Bb6 10. Be3 Bxe3 11. fxe3 O-O 12. Nbd2 Qd7 13. Qe1 h6 14. Qh4 Qf7 15.
a5 Qg6 16. Nc4 Na7 17. h3 Rad8 18. Kh2 Nb5 19. Rac1 Na7 20. g4 Nh7 21. Ncd2 Nc6
22. Qg3 d5 23. Nxe5 Nxe5 24. Qxe5 dxe4 25. Rxf8+ Rxf8 26. Qxe4 Qf6 27. Rf1 Qxc3
28. Rxf8+ Nxf8 29. Nf3 b6 30. axb6 cxb6 31. g5 hxg5 32. Nxg5 Qd2+ 33. Kg3 Qe1+
34. Kg2 Qe2+ 35. Kg3 Qe1+ 36. Kg2 Qe2+ 37. Kg3 Qe1+ 38. Kg2 Qe2+ 1/2-1/2

[Event "M.Chigorin Memorial 2014"]
[Site "St. Petersburg"]
[Date "2014.10.25"]
[Round "8.95"]
[White "Grinblat, Artemiy"]
[Black "Davletbayeva, Madina"]
[Result "1/2-1/2"]
[WhiteElo "2100"]
[BlackElo "2263"]
[PlyCount "109"]
[EventDate "2014.10.18"]
[EventType "swiss"]
[EventCountry "RUS"]

1. e4 Nf6 2. e5 Nd5 3. d4 d6 4. Nf3 g6 5. Bc4 Nb6 6. Bb3 Bg7 7. O-O O-O 8. exd6
Qxd6 9. c3 Nc6 10. Nbd2 Bf5 11. Re1 e5 12. dxe5 Nxe5 13. Nxe5 Bxe5 14. Nf3 Qxd1
15. Rxd1 Bf6 16. Bf4 c6 17. a4 Bg4 18. a5 Nd7 19. a6 bxa6 20. h3 Nc5 21. hxg4
Nxb3 22. Rxa6 Nc5 23. Rxc6 Ne6 24. Bg3 a5 25. Ne5 Rfd8 26. Rcd6 Rxd6 27. Rxd6
a4 28. Nc4 Ra7 29. Rb6 Be7 30. Be5 Ra8 31. Rb8+ Rxb8 32. Bxb8 f6 33. Kf1 Nc5
34. Ke2 Kf7 35. Bd6 Bxd6 36. Nxd6+ Ke6 37. Nc4 Kd5 38. Na3 Ke4 39. g3 Nb3 40.
f3+ Kd5 41. Ke3 Kc5 42. Nb1 Kd5 43. Nd2 Nc1 44. Ne4 f5 45. gxf5 gxf5 46. Nd2 h5
47. Kf4 Nd3+ 48. Kxf5 Nxb2 49. Nb1 Nc4 50. Kg5 a3 51. Nxa3 Nxa3 52. Kxh5 Nb5
53. c4+ Kxc4 54. Kg5 Kd5 55. f4 1/2-1/2

[Event "M.Chigorin Memorial 2014"]
[Site "St. Petersburg"]
[Date "2014.10.25"]
[Round "8.96"]
[White "Baraeva, Marina"]
[Black "Klukin, Kirill"]
[Result "0-1"]
[WhiteElo "2089"]
[BlackElo "2234"]
[PlyCount "58"]
[EventDate "2014.10.18"]
[EventType "swiss"]
[EventCountry "RUS"]

1. d4 Nf6 2. c4 g6 3. Nc3 Bg7 4. e4 d6 5. Be2 O-O 6. Nf3 Na6 7. O-O e5 8. Re1
Qe8 9. dxe5 dxe5 10. b3 Nd7 11. Ba3 Ndc5 12. Nd5 Qd7 13. Qc2 c6 14. Ne3 Re8 15.
Rad1 Qc7 16. b4 Ne6 17. c5 b5 18. cxb6 axb6 19. b5 Nd4 20. Nxd4 exd4 21. bxa6
dxe3 22. f3 Be5 23. h3 Bg3 24. Rf1 Rxa6 25. Bc1 Bf2+ 26. Kh1 Ra5 27. Rd3 Bxh3
28. gxh3 Qg3 29. Rxf2 exf2 0-1